书目信息 |
| 题名: |
人类历史进程与当代中
|
|
| 作者: | 王复三 , 杨霞 著 | |
| 分册: | ||
| 出版信息: | 北京 中国人民大学出版社 1993.07 |
|
| 页数: | 206页 | |
| 开本: | 32开 | |
| 丛书名: | ||
| 单 册: | ||
| 中图分类: | B27 | |
| 科图分类: | ||
| 主题词: | 马克思主义哲学--传播--中国 , 马克思主义哲学--发展--中国 | |
| 电子资源: | ||
| ISBN: | 7-300-01615-4 | |
| 000 | 00659nam0 2200217 45 | |
| 001 | 0006131091 | |
| 005 | 20000613101756.3 | |
| 010 | @a7-300-01615-4@d4.30元 | |
| 100 | @a20000613d1993 km y0chiy0120 ea | |
| 101 | 0 | @achi |
| 105 | @a z 000yy | |
| 200 | 1 | @a人类历史进程与当代中@ARen Lei Li Shi Jin Cheng Yu Dang Dai Zhong@f王复三,杨霞著@FWang Fu San,Yang Xia Zhu |
| 210 | @a北京@c中国人民大学出版社@d1993.07 | |
| 215 | @a206页@d32开 | |
| 606 | 0 | @a马克思主义哲学@x传播@x中国 |
| 606 | 0 | @a马克思主义哲学@x发展@x中国 |
| 690 | @aB27@v3 | |
| 701 | 0 | @a王复三@4著 |
| 701 | 0 | @a杨霞@4著 |
| 801 | @aCN@bPftUser@c20000613 | |
| 905 | @b204157-158@dB27@eW755@f2 | |
| 人类历史进程与当代中/王复三,杨霞著.-北京:中国人民大学出版社,1993.07 |
| 206页;32开 |
| ISBN 7-300-01615-4:4.30元 |
| ● |
| 相关链接 |
|
|
|
正题名:人类历史进程与当代中
索取号:B27/W755
 
预约/预借
| 序号 | 登录号 | 条形码 | 馆藏地/架位号 | 状态 | 备注 |
| 1 | 204157 | 202041575 | 社科库509/422社科库 46排3列4层/ [索取号:B27/W755] | 在馆 | |
| 2 | 204158 | 202041584 | 社科库509/422社科库 46排3列4层/ [索取号:B27/W755] | 在馆 |